[Event "3rd OHRA Open"]
[Site "Amsterdam NED"]
[Date "1984.07.20"]
[Round "4"]
[White "Timman, Jan"]
[Black "Wedberg, Tom"]
[Result "1/2-1/2"]
[WhiteElo "2650"]
[BlackElo "2485"]
[EventDate "1984.07.17"]
[PlyCount "61"]

1.Nf3 c5 2.e4 Nc6 3.d4 cxd4 4.Nxd4 g6 5.c4 Bg7 6.Be3 Nf6 7.Nc3 O-O 8.Be2 
d6 9.O-O Bd7 10.Rc1 Nxd4 11.Bxd4 Bc6 12.Qd3 a5 13.f4 Nd7 14.Bxg7 Kxg7 15.
Kh1 f6 16.Rcd1 Qe8 17.Qd4 Qf7 18.b3 Rfd8 19.Rd2 Nc5 20.Qe3 Qe6 21.Bf3 Rdc8
22.Qe2 Rf8 23.Re1 Rab8 24.Qe3 b6 25.Rde2 Nd7 26.Qd2 Rfd8 27.Re3 Kh8 28.Qb2
Qg8 29.Nd5 Qg7 30.Bg4 Nc5 31.Qd2 1/2-1/2

[Event "3rd OHRA Open"]
[Site "Amsterdam NED"]
[Date "1984.07.20"]
[Round "4"]
[White "Campora, Daniel Hugo"]
[Black "Van der Sterren, Paul"]
[Result "1-0"]
[WhiteElo "2480"]
[BlackElo "2455"]
[EventDate "1984.07.17"]
[PlyCount "101"]

1.e4 e5 2.Nf3 Nc6 3.Bb5 a6 4.Ba4 Nf6 5.O-O Be7 6.Re1 b5 7.Bb3 d6 8.c3 O-O 
9.h3 Nb8 10.d4 Nbd7 11.Nbd2 Bb7 12.Bc2 Re8 13.b3 Bf8 14.d5 c6 15.c4 Qc7 
16.Nf1 Rac8 17.Ne3 g6 18.Bd2 bxc4 19.bxc4 Bg7 20.Bb4 cxd5 21.cxd5 a5 22.
Ba3 Nc5 23.Nd2 Qd8 24.Nec4 Ba6 25.Ba4 Nxa4 26.Qxa4 Bh6 27.Rad1 Bxd2 28.
Nxd2 Nh5 29.g3 Bd3 30.Rc1 Qb6 31.Rc6 Rxc6 32.Qxc6 Qxc6 33.dxc6 Rc8 34.Rc1 
Nf6 35.Bxd6 Nxe4 36.Nxe4 Bxe4 37.c7 f6 38.Rc5 a4 39.Rc4 Bf5 40.Rxa4 Kf7 
41.g4 Bd3 42.Rb4 Ke6 43.Rb6 Kd7 44.f4 e4 45.Kf2 Bb5 46.f5 Bc6 47.Rb8 gxf5 
48.gxf5 Ba4 49.Ke3 Bc6 50.Bf4 h5 51.h4 1-0

[Event "3rd OHRA Open"]
[Site "Amsterdam NED"]
[Date "1984.07.20"]
[Round "4"]
[White "Polugaevsky, Lev"]
[Black "Portisch, Lajos"]
[Result "1/2-1/2"]
[WhiteElo "2625"]
[BlackElo "2640"]
[EventDate "1984.07.17"]
[PlyCount "110"]

1.d4 d5 2.Nf3 Nf6 3.c4 dxc4 4.Nc3 c6 5.a4 Bf5 6.e3 e6 7.Bxc4 Bb4 8.O-O 
Nbd7 9.Nh4 Bg4 10.f3 Bh5 11.g4 Bg6 12.Nxg6 hxg6 13.e4 Qe7 14.g5 Nh5 15.f4 
e5 16.fxe5 Nxe5 17.Bb3 O-O-O 18.Be3 f5 19.gxf6 Nxf6 20.Qe2 Neg4 21.Rxf6 
Nxf6 22.e5 Nh5 23.Qg4+ Kb8 24.Ne4 Rdf8 25.Ng5 Nf6 26.Qe6 Nd7 27.Qxe7 Bxe7 
28.Nf7 Rh4 29.a5 c5 30.e6 Nf6 31.Bf2 Rh5 32.Bg3+ Ka8 33.dxc5 Rxc5 34.a6 
Rfc8 35.Kg2 Rb5 36.Bd1 Rxb2+ 37.Kh3 Rc3 38.axb7+ Kxb7 39.Ne5 Bd6 40.Bf3+ 
Kb6 41.Nd7+ Kb5 42.Rxa7 Rd2 43.Rb7+ Ka6 44.Rb6+ Ka5 45.Rxd6 Rxd6 46.Bxd6 
Rxf3+ 47.Kh4 Ne8 48.Bg3 Rf5 49.Ne5 Nf6 50.Kh3 g5 51.Nc4+ Kb4 52.Nd6 g4+ 
53.Kg2 Rh5 54.e7 Rh8 55.Be5 Kc5 1/2-1/2

[Event "3rd OHRA Open"]
[Site "Amsterdam NED"]
[Date "1984.07.20"]
[Round "4"]
[White "Bohm, Hans"]
[Black "Ree, Hans"]
[Result "1-0"]
[WhiteElo "2415"]
[BlackElo "2465"]
[EventDate "1984.07.17"]
[PlyCount "142"]

1.d4 Nf6 2.c4 g6 3.g3 Bg7 4.Bg2 c5 5.Nf3 O-O 6.O-O cxd4 7.Nxd4 Nc6 8.Nc3 
Qa5 9.Nb3 Qb4 10.c5 b6 11.Be3 Re8 12.a3 Qc4 13.Rc1 Qa6 14.Qd2 Bb7 15.Bf4 
Na5 16.Nxa5 Bxg2 17.Kxg2 Qxa5 18.cxb6 Qxb6 19.f3 d6 20.Rc2 Qb3 21.Rfc1 
Rad8 22.Bg5 d5 23.Qd3 Qb7 24.Na4 h6 25.Nc5 Qb6 26.Bd2 e5 27.Qa6 e4 28.Ba5 
Qxa6 29.Nxa6 Rd6 30.Nc7 Rb8 31.b4 d4 32.Rc6 Rd7 33.a4 d3 34.Na6 Re8 35.Nc5
dxe2 36.Nxd7 exf3+ 37.Kxf3 Nxd7 38.b5 Ne5+ 39.Kg2 Nxc6 40.bxc6 Be5 41.Kf2 
Bd4+ 42.Ke1 f5 43.Rc4 Be5 44.c7 Rc8 45.Rc5 Bd6 46.Rc6 Be5 47.Rxg6+ Kf7 48.
Rxh6 f4 49.gxf4 Bxf4 50.Rh4 Bd6 51.Rh7+ Kg6 52.Rd7 Bxh2 53.Rd8 Bxc7 54.
Rxc8 Bxa5+ 55.Kxe2 Kf6 56.Re8 Bb4 57.Kd3 a5 58.Kd4 Kf7 59.Re4 Kf6 60.Kd5 
Bc3 61.Kc4 Bb4 62.Kb3 Bd6 63.Kc4 Bb4 64.Kd5 Bc3 65.Re6+ Kf7 66.Kd6 Bd2 67.
Kd7 Bb4 68.Rc6 Kg7 69.Ke6 Kg6 70.Rc7 Kg5 71.Rf7 Kg6 1-0

[Event "3rd OHRA Open"]
[Site "Amsterdam NED"]
[Date "1984.07.20"]
[Round "4"]
[White "Gutman, Lev"]
[Black "Van Voorthuijsen, Pieter W"]
[Result "1-0"]
[WhiteElo "2485"]
[BlackElo "2270"]
[EventDate "1984.07.17"]
[PlyCount "81"]

1.Nf3 Nf6 2.g3 g6 3.b3 Bg7 4.Bb2 O-O 5.Bg2 c5 6.O-O d6 7.d4 Na6 8.c4 Rb8 
9.Nc3 Bd7 10.Qd2 cxd4 11.Nxd4 Nc5 12.Rac1 a6 13.Rfd1 Qe8 14.Ba1 Ng4 15.Nd5
f5 16.f3 Ne5 17.b4 Na4 18.f4 Nc6 19.Ne6 Bxe6 20.Nc7 Qc8 21.Nxe6 Bxa1 22.
Rxa1 Rf6 23.Ng5 h6 24.Nf3 Qc7 25.Kh1 Nb6 26.Rac1 Nc8 27.b5 N6a7 28.a4 a5 
29.Qd5+ Kh7 30.c5 dxc5 31.Qd8 Qxd8 32.Rxd8 Rd6 33.Re8 c4 34.Ne5 c3 35.Bf3 
Rd4 36.b6 Nc6 37.Bxc6 c2 38.Rxc2 Rd1+ 39.Kg2 bxc6 40.Nxc6 Rxb6 41.Rxc8 1-0

[Event "3rd OHRA Open"]
[Site "Amsterdam NED"]
[Date "1984.07.20"]
[Round "4"]
[White "Trepp, Markus"]
[Black "Sznapik, Aleksander"]
[Result "1/2-1/2"]
[WhiteElo "2340"]
[BlackElo "2445"]
[EventDate "1984.07.17"]
[PlyCount "81"]

1.e4 g6 2.Nc3 Bg7 3.g3 c5 4.Bg2 Nc6 5.d3 e6 6.Nge2 Nge7 7.Bg5 O-O 8.Qd2 d6
9.O-O Rb8 10.Bh6 b5 11.Bxg7 Kxg7 12.Nd1 Nd4 13.Nc1 d5 14.exd5 Nxd5 15.Nb3 
Qd6 16.Nc3 Nf6 17.Ne4 Nxe4 18.dxe4 Rd8 19.Rad1 b4 20.c3 bxc3 21.bxc3 Rxb3 
22.cxd4 Rb4 23.d5 exd5 24.exd5 Qf6 25.Qe3 c4 26.Rd4 Ra4 27.Rf4 Qd6 28.Re1 
Bd7 29.Qc3+ Kg8 30.Rxc4 Rxa2 31.Rf4 Rc8 32.Qe3 Re8 33.Re4 Rxe4 34.Qxe4 a5 
35.h4 h5 36.Qe7 Qb6 37.Re3 Bg4 38.Qe8+ Kg7 39.Qe5+ Qf6 40.Qxf6+ Kxf6 41.d6
1/2-1/2

[Event "3rd OHRA Open"]
[Site "Amsterdam NED"]
[Date "1984.07.20"]
[Round "4"]
[White "De Wit, Jan"]
[Black "Hjorth, Greg"]
[Result "1/2-1/2"]
[WhiteElo "2395"]
[BlackElo "2440"]
[EventDate "1984.07.17"]
[PlyCount "35"]

1.e4 e5 2.Nf3 d6 3.d4 Nf6 4.Nc3 Nbd7 5.Bc4 Be7 6.O-O O-O 7.a4 c6 8.Re1 h6 
9.Ba2 Re8 10.h3 Bf8 11.Be3 b6 12.dxe5 Nxe5 13.Nd4 Qc7 14.Bf4 a6 15.Re3 Bd7
16.Qe2 b5 17.Re1 g6 18.Nf3 1/2-1/2

[Event "3rd OHRA Open"]
[Site "Amsterdam NED"]
[Date "1984.07.20"]
[Round "4"]
[White "Langeweg, Christian"]
[Black "Borm, Franciscus"]
[Result "0-1"]
[WhiteElo "2415"]
[BlackElo "2375"]
[EventDate "1984.07.17"]
[PlyCount "100"]

1.d4 Nf6 2.c4 e6 3.Nc3 Bb4 4.e3 O-O 5.Ne2 d5 6.a3 Be7 7.Nf4 c6 8.Bd3 Nbd7 
9.cxd5 Nxd5 10.Ncxd5 exd5 11.Qc2 Nf6 12.Bd2 Re8 13.Bb4 Bxb4+ 14.axb4 Qd6 
15.O-O Qxb4 16.Ra4 Qe7 17.b4 Bd7 18.Qc5 a6 19.Qxe7 Rxe7 20.Ra3 Rae8 21.Rc1
g5 22.Ne2 Nh5 23.Ng3 Ng7 24.Raa1 f5 25.Nf1 f4 26.exf4 gxf4 27.Nd2 Bf5 28.
Bf1 Ne6 29.Nb3 Kg7 30.Rc3 h5 31.Rd1 Ng5 32.Nc5 h4 33.Rcc1 h3 34.f3 Kf6 35.
Rd2 Rg8 36.Kf2 hxg2 37.Bxg2 Bh3 38.Rg1 Reg7 39.Bf1 Bxf1 40.Rxf1 Re8 41.Re2
Rxe2+ 42.Kxe2 Re7+ 43.Kd2 Ne6 44.Nb3 Ng7 45.Re1 Rxe1 46.Kxe1 Nf5 47.Ke2 b6
48.Kd3 Kg5 49.Kc3 Nh4 50.Nd2 Ng6 0-1

[Event "3rd OHRA Open"]
[Site "Amsterdam NED"]
[Date "1984.07.20"]
[Round "4"]
[White "Van der Wiel, John"]
[Black "Eising, Johannes"]
[Result "0-1"]
[WhiteElo "2535"]
[BlackElo "2355"]
[EventDate "1984.07.17"]
[PlyCount "102"]

1.e4 c5 2.Nf3 d6 3.d4 cxd4 4.Nxd4 Nf6 5.Nc3 Nc6 6.Bg5 e6 7.Qd2 Be7 8.O-O-O
O-O 9.f4 h6 10.Bxf6 Bxf6 11.Ndb5 Qa5 12.Nxd6 Rd8 13.Kb1 e5 14.Bc4 Be6 15.
Bxe6 fxe6 16.Ncb5 Qb6 17.c3 a6 18.Na3 Qc7 19.c4 exf4 20.c5 Bd4 21.Qc2 b5 
22.Qb3 Qe7 23.Nf5 Qf6 24.Nxd4 Rxd4 25.Nc2 Rxe4 26.Rd6 Na5 27.Qc3 Qxc3 28.
bxc3 Nc4 29.Rd4 Re5 30.Rxf4 Rxc5 31.Rd1 e5 32.Rg4 Rf8 33.a3 Rc7 34.h4 Rf2 
35.Rg3 e4 36.Kc1 a5 37.Re1 Re7 38.h5 Kf7 39.Nd4 Re5 40.Rg4 e3 41.a4 Nb2 
42.Re2 Rxe2 43.Nxe2 Nxa4 44.Rf4+ Ke7 45.Rg4 Kf6 46.Rf4+ Rf5 47.Re4 Rxh5 
48.Rxe3 Re5 49.Rf3+ Rf5 50.Re3 Nc5 51.Re8 Re5 0-1

[Event "3rd OHRA Open"]
[Site "Amsterdam NED"]
[Date "1984.07.20"]
[Round "4"]
[White "Sosonko, Gennadi"]
[Black "Sax, Gyula"]
[Result "1/2-1/2"]
[WhiteElo "2565"]
[BlackElo "2565"]
[EventDate "1984.07.17"]
[PlyCount "32"]

1.c4 c5 2.g3 g6 3.Bg2 Bg7 4.Nc3 Nc6 5.e3 e6 6.Nge2 Nge7 7.d4 cxd4 8.Nxd4 
d5 9.cxd5 Nxd5 10.Nxd5 exd5 11.O-O Nxd4 12.exd4 O-O 13.Be3 Be6 14.Qd2 Qb6 
15.Rfc1 Rfc8 16.b3 a5 1/2-1/2

[Event "3rd OHRA Open"]
[Site "Amsterdam NED"]
[Date "1984.07.22"]
[Round "5"]
[White "Portisch, Lajos"]
[Black "Timman, Jan"]
[Result "1/2-1/2"]
[WhiteElo "2640"]
[BlackElo "2650"]
[EventDate "1984.07.17"]
[PlyCount "91"]

1.d4 Nf6 2.c4 e6 3.Nf3 b6 4.g3 Ba6 5.b3 Bb4+ 6.Bd2 Be7 7.Nc3 Bb7 8.Bg2 O-O
9.O-O Na6 10.Bc1 d5 11.Ne5 c5 12.Bb2 Nc7 13.Rc1 Bd6 14.cxd5 exd5 15.Nc4 
Be7 16.dxc5 Bxc5 17.Na4 Be7 18.Ne3 Re8 19.Nf5 Ne6 20.Qd3 Ne4 21.Rcd1 Qc7 
22.Nc3 Nxc3 23.Bxc3 Rad8 24.Bb2 Bf8 25.e3 Qc8 26.Qb1 Nc5 27.Rc1 Qd7 28.
Rfd1 Ne4 29.Bh3 Qb5 30.Nd4 Qb4 31.Rc7 Rb8 32.Qc2 Qd6 33.Nf5 Qg6 34.Nh4 Qh5
35.Bg2 Rbc8 36.Bf3 Qg5 37.Bxe4 dxe4 38.Rdd7 Qh5 39.Ng2 Qf5 40.Qd2 Rxc7 41.
Rxc7 Ba6 42.Nf4 Qb5 43.Qd1 Re7 44.a4 Qf5 45.Rxe7 Bxe7 46.Qd4 1/2-1/2

[Event "3rd OHRA Open"]
[Site "Amsterdam NED"]
[Date "1984.07.22"]
[Round "5"]
[White "Chandler, Murray Graham"]
[Black "Eising, Johannes"]
[Result "1-0"]
[WhiteElo "2540"]
[BlackElo "2355"]
[EventDate "1984.07.17"]
[PlyCount "95"]

1.e4 c5 2.Nf3 d6 3.d4 cxd4 4.Nxd4 Nf6 5.Nc3 Nc6 6.Bg5 e6 7.Qd2 Be7 8.O-O-O
O-O 9.Nb3 a6 10.Bxf6 Bxf6 11.Qxd6 Bxc3 12.bxc3 Qh4 13.g3 Qxe4 14.Bd3 Qf3 
15.Bxh7+ Kxh7 16.Qxf8 e5 17.Qc5 Bf5 18.Qe3 Qh5 19.f3 Qg6 20.Rd2 Qf6 21.h4 
Be6 22.g4 Qe7 23.Kb2 Rc8 24.h5 b5 25.g5 a5 26.g6+ fxg6 27.hxg6+ Kxg6 28.
Rg2+ Kf7 29.Qe4 Qf6 30.Rh7 Kf8 31.Rh8+ Kf7 32.Rxg7+ Qxg7 33.Rh7 Qxh7 34.
Qxh7+ Kf6 35.Nc5 Bf5 36.Ne4+ Bxe4 37.fxe4 Ne7 38.Qh6+ Ng6 39.Qh3 Rc4 40.
Qf5+ Kg7 41.Qd7+ Kf6 42.Qxb5 Rxe4 43.Qxa5 Kf5 44.a4 Ne7 45.Qb5 Ke6 46.a5 
Nc8 47.Qe8+ Ne7 48.a6 1-0

[Event "3rd OHRA Open"]
[Site "Amsterdam NED"]
[Date "1984.07.22"]
[Round "5"]
[White "Wedberg, Tom"]
[Black "Sax, Gyula"]
[Result "1-0"]
[WhiteElo "2485"]
[BlackElo "2565"]
[EventDate "1984.07.17"]
[PlyCount "83"]

1.e4 c5 2.Nf3 e6 3.d4 cxd4 4.Nxd4 Nf6 5.Nc3 d6 6.g3 Nc6 7.Bg2 Bd7 8.O-O 
Be7 9.Re1 O-O 10.Nxc6 Bxc6 11.a4 Qd7 12.Bf4 Rac8 13.Re2 d5 14.exd5 Nxd5 
15.Nxd5 Bxd5 16.Bxd5 exd5 17.c3 Bc5 18.Be3 b6 19.Bd4 Rfe8 20.Rd2 Rcd8 21.
Qf3 Re4 22.Rad1 Qe6 23.Kg2 h6 24.b4 Be7 25.Ra2 a6 26.Qd3 Qc8 27.Bxb6 Rd7 
28.Bd4 h5 29.Re2 Qc6 30.b5 axb5 31.axb5 Qg6 32.Rxe4 dxe4 33.Qe2 h4 34.Be3 
Rxd1 35.Qxd1 Qf5 36.b6 h3+ 37.Kg1 Qb5 38.Qf1 Qb3 39.Qxh3 Bf6 40.Qc8+ Kh7 
41.Qf5+ Kg8 42.Qxe4 1-0

[Event "3rd OHRA Open"]
[Site "Amsterdam NED"]
[Date "1984.07.22"]
[Round "5"]
[White "Sznapik, Aleksander"]
[Black "Van Voorthuijsen, Pieter W"]
[Result "1-0"]
[WhiteElo "2445"]
[BlackElo "2270"]
[EventDate "1984.07.17"]
[PlyCount "47"]

1.e4 c5 2.Nf3 e6 3.d4 cxd4 4.Nxd4 Nc6 5.Nc3 a6 6.Be2 Nge7 7.Be3 Nxd4 8.
Qxd4 b5 9.Rd1 Nc6 10.Qd2 Bb7 11.Bf4 Rc8 12.O-O Bc5 13.e5 Nb8 14.Qd3 O-O 
15.Qg3 Kh8 16.Bd3 Be7 17.Qh3 g6 18.Rfe1 b4 19.Ne4 Bxe4 20.Rxe4 Qa5 21.Bh6 
Qxa2 22.Rh4 Bxh4 23.Qxh4 f6 24.Bxf8 1-0

[Event "3rd OHRA Open"]
[Site "Amsterdam NED"]
[Date "1984.07.22"]
[Round "5"]
[White "Kuijf, Marinus"]
[Black "Borm, Franciscus"]
[Result "0-1"]
[WhiteElo "2405"]
[BlackElo "2375"]
[EventDate "1984.07.17"]
[PlyCount "82"]

1.d4 Nf6 2.Nf3 e6 3.e3 c5 4.Bd3 d5 5.b3 Nc6 6.O-O Bd6 7.Bb2 O-O 8.a3 Qc7 
9.dxc5 Bxc5 10.Bxf6 gxf6 11.Nbd2 f5 12.b4 Bd6 13.c4 Ne5 14.Nxe5 Bxe5 15.
Rc1 d4 16.exd4 Bxd4 17.c5 Rd8 18.Nc4 b6 19.cxb6 axb6 20.Na5 Bxf2+ 21.Rxf2 
Rxd3 22.Rd2 Rxd2 23.Qxd2 Qe7 24.Nc4 Bb7 25.Rc3 Rd8 26.Rg3+ Kh8 27.Qc3+ f6 
28.Nxb6 f4 29.Rd3 Rxd3 30.Qxd3 Qc7 31.Nc4 Ba6 32.Qd6 Qc8 33.Nd2 Qc1+ 34.
Kf2 Kg7 35.a4 e5 36.b5 Bc8 37.a5 Qc3 38.a6 Qe3+ 39.Kf1 Bf5 40.Qe7+ Kg6 41.
Qe8+ Kh6 0-1

[Event "3rd OHRA Open"]
[Site "Amsterdam NED"]
[Date "1984.07.22"]
[Round "5"]
[White "Ligterink, Gert"]
[Black "Van der Wiel, John"]
[Result "1-0"]
[WhiteElo "2440"]
[BlackElo "2535"]
[EventDate "1984.07.17"]
[PlyCount "81"]

1.Nf3 g6 2.e4 Bg7 3.d4 d6 4.Nc3 Nf6 5.h3 O-O 6.Be3 a6 7.a4 b6 8.Bc4 e6 9.
O-O Nc6 10.d5 exd5 11.exd5 Ne7 12.Qd2 Rb8 13.Bg5 Bb7 14.Qf4 Nd7 15.Qh4 f6 
16.Bd2 Nf5 17.Qg4 Kh8 18.Rfe1 Ne5 19.Nxe5 dxe5 20.f4 e4 21.Nxe4 Bxd5 22.
Bxd5 Qxd5 23.Bc3 Rbe8 24.Qd1 Qc4 25.b3 Qc6 26.Qd3 Rd8 27.Qxa6 Nd4 28.Bxd4 
Rxd4 29.Qb5 Qa8 30.Nf2 Rxf4 31.Rad1 Rf5 32.Qd7 Rg5 33.Ng4 h5 34.Re7 Rg8 
35.Ne3 Re5 36.Rxe5 fxe5 37.Qxc7 Qa5 38.Nd5 e4 39.Qxb6 Qa8 40.Ne7 Re8 41.
Rd7 1-0

[Event "3rd OHRA Open"]
[Site "Amsterdam NED"]
[Date "1984.07.22"]
[Round "5"]
[White "De Wit, Jan"]
[Black "Gutman, Lev"]
[Result "1-0"]
[WhiteElo "2395"]
[BlackElo "2485"]
[EventDate "1984.07.17"]
[PlyCount "85"]

1.e4 c5 2.Nf3 d6 3.d4 cxd4 4.Nxd4 Nf6 5.Nc3 e6 6.g4 a6 7.g5 Nfd7 8.Be3 b5 
9.a3 Qc7 10.f4 Nc6 11.Qe2 Rb8 12.Rd1 Be7 13.Bg2 Nxd4 14.Bxd4 O-O 15.Rd3 
Re8 16.Qh5 e5 17.fxe5 Nxe5 18.Bxe5 dxe5 19.Nd5 Qc6 20.Rf1 Be6 21.Nf6+ Bxf6
22.gxf6 Qc5 23.Rc3 Qf8 24.fxg7 Qe7 25.Bh3 Rb6 26.Bxe6 Rxe6 27.Rcf3 Rg6 28.
Rxf7 Qxf7 29.Rxf7 Kxf7 30.Qxh7 Rxg7 31.Qh5+ Rg6 32.Qh7+ Rg7 33.Qf5+ Kg8 
34.Qf6 Rg2 35.Qxa6 Rf8 36.Qxb5 Rff2 37.Qe8+ Kh7 38.Qh5+ Kg8 39.Qe8+ Kh7 
40.Qe7+ Kg8 41.Qe6+ Kh7 42.Qd7+ Kg8 43.Qd5+ 1-0

[Event "3rd OHRA Open"]
[Site "Amsterdam NED"]
[Date "1984.07.22"]
[Round "5"]
[White "Hjorth, Greg"]
[Black "Trepp, Markus"]
[Result "1-0"]
[WhiteElo "2440"]
[BlackElo "2340"]
[EventDate "1984.07.17"]
[PlyCount "93"]

1.e4 c5 2.d4 cxd4 3.c3 Nf6 4.e5 Nd5 5.Bc4 Nb6 6.Bb3 d5 7.exd6 Qxd6 8.cxd4 
e6 9.Nc3 Nc6 10.Nf3 Be7 11.O-O O-O 12.Qe2 Nd5 13.Qe4 Rd8 14.Rd1 Ncb4 15.
Ne5 Bd7 16.Qf3 Be8 17.a3 Nxc3 18.bxc3 Nc6 19.Bf4 Nxe5 20.Bxe5 Qa6 21.d5 
exd5 22.Bxd5 Qg6 23.Bxb7 Rxd1+ 24.Rxd1 Rd8 25.Bd5 Ba4 26.Rd3 Re8 27.Bd4 
Bxa3 28.h4 Bd6 29.g3 Bd7 30.c4 a5 31.Bc3 Bf5 32.Re3 Rxe3 33.Qxe3 Be6 34.
Bxe6 Qxe6 35.Qxe6 fxe6 36.Bxa5 Bc5 37.Kg2 e5 38.Bd2 Kf7 39.Be3 Bb4 40.Kf3 
Ke6 41.Ke4 Bc3 42.h5 g6 43.hxg6 hxg6 44.f3 Bb4 45.g4 Ba5 46.Ba7 Be1 47.Bb8
1-0

[Event "3rd OHRA Open"]
[Site "Amsterdam NED"]
[Date "1984.07.22"]
[Round "5"]
[White "Ree, Hans"]
[Black "Van der Sterren, Paul"]
[Result "1-0"]
[WhiteElo "2465"]
[BlackElo "2455"]
[EventDate "1984.07.17"]
[PlyCount "97"]

1.d4 Nf6 2.c4 e6 3.Nf3 d5 4.Bg5 Be7 5.Nc3 h6 6.Bxf6 Bxf6 7.e3 O-O 8.Qc2 b6
9.O-O-O Nc6 10.h4 Bb7 11.a3 Ne7 12.Be2 g6 13.Kb1 Bg7 14.cxd5 Nxd5 15.Nxd5 
Qxd5 16.Ne1 Qa5 17.Bf3 Bxf3 18.Nxf3 c5 19.d5 exd5 20.Rxd5 Rad8 21.Rhd1 
Rxd5 22.Rxd5 Qb5 23.Ka2 Rc8 24.h5 g5 25.g4 Bf6 26.Rf5 Qc6 27.Nd2 Rd8 28.
Ne4 Qe6+ 29.Kb1 Bg7 30.Nd2 c4 31.Nxc4 Rc8 32.b3 b5 33.Rxb5 Qxg4 34.Rd5 
Qxh5 35.Qf5 Rb8 36.Kc2 Qe2+ 37.Rd2 Qe1 38.Nd6 Rf8 39.Qd5 Qa1 40.a4 Bc3 41.
Rd1 Qb2+ 42.Kd3 Bb4 43.Nf5 Kh7 44.Qe4 Rd8+ 45.Nd6+ Kg8 46.Qxb4 Qxf2 47.Qd4
Qf3 48.Kc2 Rd7 49.Qe5 1-0

[Event "3rd OHRA Open"]
[Site "Amsterdam NED"]
[Date "1984.07.23"]
[Round "6"]
[White "Timman, Jan"]
[Black "Campora, Daniel Hugo"]
[Result "1-0"]
[WhiteElo "2650"]
[BlackElo "2480"]
[EventDate "1984.07.17"]
[PlyCount "129"]

1.c4 e5 2.Nc3 Nf6 3.Nf3 Nc6 4.g3 Nd4 5.Bg2 Nxf3+ 6.Bxf3 Bb4 7.Qb3 Ba5 8.
O-O O-O 9.d3 d6 10.Qa3 c6 11.b4 Bb6 12.Bg5 Bh3 13.Rfc1 a6 14.c5 Bc7 15.
cxd6 Bxd6 16.Qb2 h6 17.Bxf6 Qxf6 18.Ne4 Qe7 19.Nxd6 Qxd6 20.Rc5 Rfe8 21.a4
Rad8 22.Qc3 Bd7 23.Rc1 Re7 24.Qb2 Be8 25.R1c3 Bd7 26.Rc1 Be8 27.R5c2 Qd4 
28.Qa3 Qd6 29.Qc3 f5 30.Bg2 Bh5 31.b5 cxb5 32.axb5 axb5 33.Qb3+ Bf7 34.
Qxb5 Bd5 35.Bxd5+ Qxd5 36.Rc5 Qd6 37.Qb3+ Kh7 38.Rb5 Rdd7 39.Rc8 Qe6 40.
Qc2 e4 41.dxe4 Qxe4 42.Rxf5 Rd1+ 43.Qxd1 Qxf5 44.Rd8 b5 45.Rd5 Qe4 46.e3 
Rb7 47.Rd4 Qf5 48.Rf4 Qg6 49.Rf8 Qe4 50.Qd8 Qb1+ 51.Kg2 Qe4+ 52.f3 Qc2+ 
53.Kh3 Qc6 54.e4 Qe6+ 55.g4 Rf7 56.Rh8+ Kg6 57.Qd3 Qc4 58.Qe3 Rd7 59.Kg3 
Rb7 60.h4 Qc7+ 61.e5 Kf7 62.Qf4+ Ke6 63.Re8+ Kd5 64.Qe4+ Kc5 65.Rc8 1-0

[Event "3rd OHRA Open"]
[Site "Amsterdam NED"]
[Date "1984.07.23"]
[Round "6"]
[White "Polugaevsky, Lev"]
[Black "Nikolic, Predrag"]
[Result "1/2-1/2"]
[WhiteElo "2625"]
[BlackElo "2585"]
[EventDate "1984.07.17"]
[PlyCount "47"]

1.d4 Nf6 2.c4 e6 3.Nc3 Bb4 4.Nf3 c5 5.g3 Qa5 6.Bd2 cxd4 7.Nxd4 Qc5 8.e3 
Nc6 9.a3 Bxc3 10.Bxc3 O-O 11.b4 Qe7 12.Bg2 a5 13.O-O d5 14.bxa5 Rd8 15.
cxd5 exd5 16.Nxc6 bxc6 17.Qd4 c5 18.Qh4 Bf5 19.Rfd1 Qe6 20.Bxf6 gxf6 21.
Rac1 c4 22.Rd4 Kg7 23.e4 dxe4 24.Rdxc4 1/2-1/2

[Event "3rd OHRA Open"]
[Site "Amsterdam NED"]
[Date "1984.07.23"]
[Round "6"]
[White "Sax, Gyula"]
[Black "Ree, Hans"]
[Result "1-0"]
[WhiteElo "2565"]
[BlackElo "2465"]
[EventDate "1984.07.17"]
[PlyCount "45"]

1.e4 e6 2.d4 d5 3.Nd2 dxe4 4.Nxe4 Nd7 5.Nf3 Be7 6.c4 Ngf6 7.Nc3 O-O 8.Bd3 
c5 9.O-O cxd4 10.Nxd4 Ne5 11.Be2 Bd7 12.Bf4 Ng6 13.Bg3 Bc5 14.Bf3 Qb6 15.
Nb3 Bb4 16.c5 Qa6 17.Qd6 Bb5 18.Nxb5 Qxb5 19.Rfd1 h5 20.Qd4 Rfd8 21.a4 
Rxd4 22.axb5 Rxd1+ 23.Rxd1 1-0

[Event "3rd OHRA Open"]
[Site "Amsterdam NED"]
[Date "1984.07.23"]
[Round "6"]
[White "Bohm, Hans"]
[Black "Chandler, Murray Graham"]
[Result "1/2-1/2"]
[WhiteElo "2415"]
[BlackElo "2540"]
[EventDate "1984.07.17"]
[PlyCount "91"]

1.d4 d5 2.c4 e6 3.cxd5 exd5 4.Qc2 Bd6 5.Nc3 c6 6.Nf3 Ne7 7.Bg5 f6 8.Bh4 
Bf5 9.Qd2 Nd7 10.e3 Nb6 11.Bg3 Bxg3 12.hxg3 Qd6 13.Bd3 Qe6 14.Qc2 O-O-O 
15.O-O-O Kb8 16.Kb1 h5 17.a4 g5 18.b3 Bxd3 19.Qxd3 Nf5 20.Rh2 c5 21.dxc5 
d4 22.cxb6 Qxb3+ 23.Ka1 Qxc3+ 24.Qxc3 dxc3 25.Rxd8+ Rxd8 26.Rxh5 axb6 27.
Kb1 Rd1+ 28.Kc2 Rf1 29.Kxc3 Rxf2 30.Rh8+ Kc7 31.Rh7+ Kc8 32.Rh8+ Kd7 33.
Rh7+ Ke8 34.e4 Nxg3 35.e5 g4 36.exf6 gxf3 37.gxf3 Rxf3+ 38.Kb4 Rf4+ 39.Kb5
Nf5 40.Kxb6 Nd6 41.a5 Rxf6 42.a6 Ne4+ 43.Kxb7 Nc5+ 44.Kc8 Nxa6 45.Rh5 Ke7 
46.Kb7 1/2-1/2

[Event "3rd OHRA Open"]
[Site "Amsterdam NED"]
[Date "1984.07.23"]
[Round "6"]
[White "Borm, Franciscus"]
[Black "De Wit, Jan"]
[Result "1-0"]
[WhiteElo "2375"]
[BlackElo "2395"]
[EventDate "1984.07.17"]
[PlyCount "77"]

1.e4 c5 2.Nf3 d6 3.d4 cxd4 4.Nxd4 Nf6 5.Nc3 a6 6.Be2 e5 7.Nb3 Be7 8.O-O 
O-O 9.f4 Nbd7 10.a4 b6 11.Kh1 Bb7 12.Bf3 Rc8 13.f5 Re8 14.Be3 Bf8 15.Qd2 
Qc7 16.Rfd1 d5 17.exd5 e4 18.Bf4 Bd6 19.Bxd6 Qxd6 20.Be2 Qe5 21.Qd4 Qxf5 
22.Rf1 Qg6 23.Nd2 e3 24.Nc4 Ne4 25.Nxe3 Nxc3 26.bxc3 Qe4 27.Nf5 Qxd4 28.
Nxd4 Rxc3 29.d6 Nc5 30.Rfb1 Rce3 31.Bf3 Bxf3 32.gxf3 Nd7 33.Rb3 Re1+ 34.
Rxe1 Rxe1+ 35.Kg2 Rd1 36.Rb4 Rd2+ 37.Kf1 a5 38.Rc4 Nc5 39.Ke1 1-0

[Event "3rd OHRA Open"]
[Site "Amsterdam NED"]
[Date "1984.07.23"]
[Round "6"]
[White "Gutman, Lev"]
[Black "Hjorth, Greg"]
[Result "1-0"]
[WhiteElo "2485"]
[BlackElo "2440"]
[EventDate "1984.07.17"]
[PlyCount "67"]

1.Nf3 g6 2.g3 Bg7 3.d4 f5 4.Bg2 Nf6 5.O-O O-O 6.c3 c5 7.dxc5 Qc7 8.b4 Nc6 
9.Na3 b6 10.Bf4 Qd8 11.Nc4 Ne4 12.b5 Nxc3 13.Qb3 Nxe2+ 14.Kh1 Ncd4 15.Nxd4
Nxd4 16.Qd3 bxc5 17.Bxa8 d5 18.Rae1 a6 19.Ne5 Be6 20.Nc6 Qxa8 21.Nxd4 Bd7 
22.Nc6 e6 23.a4 Bxc6 24.bxc6 Qxc6 25.Be5 Bxe5 26.Rxe5 c4 27.Qd4 c3 28.Rc1 
Rc8 29.Re3 c2 30.Re2 Qb7 31.Kg2 Rc4 32.Qf6 d4+ 33.f3 d3 34.Qd8+ 1-0

[Event "3rd OHRA Open"]
[Site "Amsterdam NED"]
[Date "1984.07.23"]
[Round "6"]
[White "Van der Sterren, Paul"]
[Black "Van der Wiel, John"]
[Result "1/2-1/2"]
[WhiteElo "2455"]
[BlackElo "2535"]
[EventDate "1984.07.17"]
[PlyCount "90"]

1.d4 Nf6 2.c4 g6 3.Nc3 Bg7 4.e4 d6 5.Nf3 O-O 6.Be2 e5 7.dxe5 dxe5 8.Qxd8 
Rxd8 9.Nd5 Nxd5 10.cxd5 c6 11.Bc4 cxd5 12.Bxd5 Nc6 13.Bg5 Rd6 14.Rd1 Be6 
15.Bxe6 Rxe6 16.Rd7 f6 17.Be3 Re7 18.Rxe7 Nxe7 19.Ke2 Rc8 20.Rd1 Rc2+ 21.
Rd2 Rxd2+ 22.Nxd2 Nc8 23.Kd3 Kf7 24.Nb3 Bf8 25.Kc4 Ke6 26.Nc5+ Bxc5 27.
Bxc5 b6 28.Bf8 a6 29.a4 Nd6+ 30.Kd3 Nb7 31.f3 h5 32.Kc4 Na5+ 33.Kc3 Nc6 
34.Bh6 g5 35.h4 gxh4 36.Be3 b5 37.axb5 axb5 38.Bf2 f5 39.Bxh4 fxe4 40.fxe4
Kf7 41.Kd3 Kg6 42.Ke3 Na5 43.Kd3 Nc4 44.b3 Na5 45.Kc2 Nc6 1/2-1/2

[Event "3rd OHRA Open"]
[Site "Amsterdam NED"]
[Date "1984.07.23"]
[Round "6"]
[White "Trepp, Markus"]
[Black "Langeweg, Christian"]
[Result "1-0"]
[WhiteElo "2340"]
[BlackElo "2415"]
[EventDate "1984.07.17"]
[PlyCount "73"]

1.e4 c5 2.Nf3 e6 3.d4 cxd4 4.Nxd4 Nc6 5.Nb5 d6 6.Bf4 e5 7.Be3 a6 8.N5c3 
Nf6 9.Bc4 Na5 10.Be2 Be7 11.Nd5 Nxd5 12.exd5 b5 13.O-O O-O 14.Nd2 Qc7 15.
b4 Nc4 16.Nxc4 bxc4 17.a4 Bd7 18.c3 Rac8 19.Qd2 Qb7 20.Rfd1 Rc7 21.b5 axb5
22.axb5 Bxb5 23.Rdb1 Qb8 24.Rb4 Qe8 25.Qb2 Bd7 26.Bxc4 f5 27.Ba6 f4 28.Bb6
Rc8 29.Bxc8 Bxc8 30.f3 Qh5 31.Ra7 Bf5 32.Bf2 Bf6 33.Rb8 Bd8 34.Raa8 Be7 
35.Rxf8+ Bxf8 36.Qb8 Qf7 37.Qxd6 1-0

[Event "3rd OHRA Open"]
[Site "Amsterdam NED"]
[Date "1984.07.24"]
[Round "7"]
[White "Portisch, Lajos"]
[Black "Chandler, Murray Graham"]
[Result "1/2-1/2"]
[WhiteElo "2640"]
[BlackElo "2540"]
[EventDate "1984.07.17"]
[PlyCount "70"]

1.d4 d5 2.c4 e6 3.Nc3 c5 4.cxd5 exd5 5.Nf3 Nc6 6.g3 Nf6 7.Bg2 Be7 8.O-O 
O-O 9.Bg5 cxd4 10.Nxd4 h6 11.Be3 Re8 12.Qb3 Na5 13.Qc2 Bg4 14.Nf5 Bb4 15.
Bd4 Bxc3 16.Bxc3 Rxe2 17.Qd3 Re8 18.Ne3 Be6 19.Qb5 b6 20.Rad1 a6 21.Qd3 
Ra7 22.Nf5 Nc6 23.Qf3 Bxf5 24.Qxf5 Qd7 25.Qf4 Ne4 26.Rd3 g5 27.Qc1 Qf5 28.
Qe3 b5 29.Rfd1 Rd7 30.Bxe4 Rxe4 31.Qb6 Qe6 32.Qxa6 d4 33.Bd2 Kh7 34.Qxb5 
Ne5 35.Ra3 d3 1/2-1/2